| 000 | 00689nam a22001577a 4500 | ||
|---|---|---|---|
| 999 |
_c6967 _d6967 |
||
| 020 | _a8121927765 | ||
| 050 |
_aQA276 _b.Ar1 |
||
| 100 | _aP.N. Arora, | ||
| 245 |
_aComprehensive statistical methods. _c P N Arora; Sumeet Arora; S Arora; Amith Arora |
||
| 260 |
_aNew Delhi : ,. _bS. Chand & Co. _c 2007 |
||
| 300 |
_axii, 27.45 pages : _btables and graphs ; _c 25 cm |
||
| 500 | _aIncludes tables, graphs and logarithms tables. | ||
| 505 | _a1. Statistics: definition, scope and distrust 2. Classification and tabulation of data 3. Diagrammatic and graphic presentation of data 4. Measures of central tendency or average 5. Measures of dispersion | ||
| 650 | _aStatistics | ||
| 942 | _cBK | ||